| 000 | 00000nam 2200000za 4500 |
| 001 | 9.816699 |
| 003 | CaOODSP |
| 005 | 20230131161135 |
| 007 | cr ||||||||||| |
| 008 | 160502s1977 oncabo|fo f000 0 eng d |
| 020 | |q(paper)|z0-660-00805-x |
| 040 | |aCaOODSP|beng |
| 041 | |aeng|bfre |
| 043 | |an-cn-bc |
| 086 | 1 |aM42-273E-PDF |
| 100 | 1 |aRutter, N. W., |d1932- |
| 245 | 10|aMultiple glaciation in the area of Williston Lake, British Columbia |h[electronic resource] / |cN.W. Rutter. |
| 260 | |aOttawa : |bEnergy Mines and Resources Canada, |c1977. |
| 300 | |a31 p. : |bill., tables, figs., photos + |e1 map and 1 figure. |
| 490 | 1 |aBulletin / Geological Survey ;|v273 |
| 500 | |aAccompanying map (Surficial Geology of Williston Lake area, British Columbia) and figure. |
| 500 | |aThe catalogue number (M42-273) and ISBN (0-660-00805-x) for the print edition have been copied in this electronic publication. |
| 504 | |aIncludes bibliographical references. |
| 692 | 07|2gccst|aGeology |
| 710 | 1 |aCanada. |bEnergy, Mines and Resources Canada. |
| 710 | 2 |aGeological Survey of Canada. |
| 830 | #0|aBulletin (Geological Survey of Canada)|v273|w(CaOODSP)9.504778 |
| 856 | 40|qPDF|s5.98 MB|uhttps://publications.gc.ca/collections/collection_2016/rncan-nrcan/M42-273-eng.pdf |
| 856 | 40|qPDF|s2.80 MB|uhttps://publications.gc.ca/collections/collection_2016/rncan-nrcan/M42-273-1-eng.pdf |
| 856 | 40|qPDF|s24.66 MB|uhttps://publications.gc.ca/collections/collection_2016/rncan-nrcan/M42-273-2-eng.pdf |